01040aam a2200301 i 4500001001000000003001000010005001700020007000300037008004100040020001500081040004800096041001300144082002300157100002700180240004700207245012500254250002200379264004400401264001200445300002600457336002700483337003300510338002800543505009800571563001400669650001800683700003700701768714001CO-MdFUSB20230208145451.0ta230208t1980 sp |||| |||| 00| 0 spa d a8425411300 bspa.aCO-MdFUSBcCO-MdFUSBdCO-MdFUSBCerda aspahger04a232.95223bC9678j1 aCullmann, Oscareautor aJesus et les revolutionnaires de son temps10aJesús y los revolucionarios de su tiempo : bculto. Sociedad. Politica c/ Oscar Cullmann ; traducido por Eloy Requena atercera edición 1aBarcelona, España : bHerder,c[1980] 4c© 1980 a75 páginasc; 18 cm atextobtxt2rdacontent 2rdamediaasin mediaciónbn 2rdacarrieravolumenbnc aEl problema. -- La cuestión cultural. -- La cuestión social. -- La cuestión política. aRústico 7aCristología aRequena, D. Eloy. ‎etraductor